| 000 | 00368nam a2200157 4500 | ||
|---|---|---|---|
| 003 | OSt | ||
| 008 | 241005b |||||||| |||| 00| 0 eng d | ||
| 020 | _a978935906382 | ||
| 041 | _amal | ||
| 082 |
_a302.231 _bJAL/MU |
||
| 100 |
_aJaleel, K.T. _95370 |
||
| 245 | _aMukhapusthakachinthakal / | ||
| 260 |
_aKottayam : _bDC Books, _c2022. |
||
| 300 | _a280p. | ||
| 942 | _cBK | ||
| 999 |
_c18118 _d18118 |
||